000 00799nam a2200241 i 4500
001 bg
100 1 _aBREGUŁA, Tadeusz
_d(1928- )
245 1 0 _aPiłka ręczna :
_blata doświadczeń /
_cTadeusz Breguła ; Centralny Ośrodek Sportu. Resortowe Centrum Metodyczno-Szkoleniowe Kultury Fizycznej i Sportu.
260 _aWarszawa :
_bCOS. RCMSKFiS,
_c1996.
300 _a171, [2] s., [2] k. tabl. luz. :
_bfot., rys., wykr. ;
_c23 cm.
490 1 _aBiblioteka Trenera
504 _aBibliogr. s. [173].
650 9 _aPiłka ręczna
_xnauczanie i trening
655 _aPodręczniki
830 _aBiblioteka Trenera
020 _a8386504137
040 _cBPK
041 0 _apl
080 _a796.32.015(07)
920 _a83-86504-13-7
942 _cKS
008 s pl f |000 0 pol
999 _c37422
_d37422
856 _uhttp://koha.tu.koszalin.pl/cgi-bin/koha/opac-detail.pl?biblionumber=37422
_yKatalog online BPK